000 00679nam a2200229 a 4500
001 BRCA_4872
005 20190320204835.0
008 061010s1937----mx-a######---#000-0#spa-#
041 _aspa
044 _amx
050 4 _aND250
_b.J55 2 1937
100 1 _aJiménez, Guillermo
_911981
245 1 0 _aFichas para la historia de la pintura en México
_cGuillermo Jiménez.
260 _aMéxico
_bEdiciones de la Universidad Nacional
_c1937
300 _a53 p.
_bil., 23 láms.
_c23 cm.
500 _aIncluye referencias bibliográficas
500 _aEjemplar igual a CFG39
500 _aD105
650 1 4 _aPintura
_xHistoria
_zMéxico
_912332
902 _aGFM
942 _2lcc
_cB
999 _c4566
_d4566